Sports Quiz

Random Sports Quiz

The Grand National Quiz Stats

 Plays Quiz not verified by Sporcle

Challenge
Share
Tweet
Embed
Score 0/30 Timer 05:00
0 Plays Today
Hint Answer % Correct
LocationAintree Racecourse
96.9%
Number of Fences16 Unique (30 in total)
90.6%
NameThe Grand National
89.1%
Number of Grey Horses to win2
89.1%
Fewest Horses to finish2 (1928)
89.1%
Track surface typeTurf
85.9%
Name of Fence 15 (The tallest)The Chair
85.2%
Most winning HorseRed Rum (3)
81.3%
Year of the void race1993
78.9%
Course LengthFour miles, four furlongs
73.4%
Name of Fence 8Canal Turn
68.8%
Name of Fence 7 (The smallest)Foinavon
64.1%
Name of Fence 6Becher's Brook
62.5%
Current SponsorJohn Smith's
61.7%
Name of Fence 16The Water Jump
57.8%
Hint Answer % Correct
First winning horseLottery
52.3%
Smallest Field (No. of runners)10 (1883)
50%
Date of the first race (Some disagreement)1839
43%
Largest Field (No. of runners)66 (1929)
41.4%
Last winning horseAuroras Encore
40.6%
Fences topped withSpruce
35.2%
Last winning jockeyRyan Mania
28.9%
Date of last race6th April 2013
18%
Date of next race5th April 2014
18%
from whereThe Lake District
10.9%
First winning jockeyJem Mason
8.6%
Length of final sprint494 yards
8.6%
Most winning JockeyGeorge Stevens (5)
7%
2011 Prize fund (£)950,000
7%
Founded byWilliam Lynn
4.7%

You're not logged in!

Compare scores with friends on all Sporcle quizzes.
Join for Free
OR
Log In

You Might Also Like...

Show Comments

Extras

Created Apr 8, 2011ReportFavoriteNominate
Tags:grand, national

Top Quizzes Today


Score Distribution

Your Account Isn't Verified!

In order to create a playlist on Sporcle, you need to verify the email address you used during registration. Go to your Sporcle Settings to finish the process.

Report this User

Report this user for behavior that violates our Community Guidelines.

Details: